Turbulent buoyant jets and plumes /
Guardado en:
| Otros Autores: | |
|---|---|
| Formato: | Libro |
| Idioma: | English |
| Publicado: |
Oxford :
Pergamon Press,
c1982.
|
| Edición: | 1st ed. |
| Series: | HMT--the science & applications of heat and mass transfer ;
v. 6. |
| Materias: | |
| Etiquetas: |
Agregar Etiqueta
Sin Etiquetas, Sea el primero en etiquetar este registro!
|
| LEADER | 01215pam a22002775a 4500 | ||
|---|---|---|---|
| 001 | EIQ.libpla000415 | ||
| 008 | 820317s1982####enkao####b####001#0#eng#d | ||
| 005 | 20071226193026.0 | ||
| 245 | 0 | 0 | |a Turbulent buoyant jets and plumes / |c edited by Wolfgang Rodi. |
| 250 | |a 1st ed. | ||
| 260 | |a Oxford : |b Pergamon Press, |c c1982. | ||
| 300 | |a viii, 184 p. : |b il., fotos ; |c 26 cm. | ||
| 490 | 1 | |a HMT--the science & applications of heat and mass transfer ; |v 6 | |
| 504 | |a Incluye bibliografía e índice. | ||
| 505 | 0 | |a Mechanics of turbulent buoyant jets and plumes / by E.J. List -- Turbulent buoyant jets in shallow fluid layers / by G.H. Jirka -- A turbulence model for buoyant flows and its application to vertical buoyant jets / by M.S. Hossain and W. Rodi. | |
| 020 | |a 0080264921 | ||
| 700 | 1 | |a Rodi, Wolfgang., |e ed. |4 edt | |
| 830 | 0 | |a HMT--the science & applications of heat and mass transfer ; |v v. 6. | |
| 082 | 0 | 0 | |a 628.5 |2 19 |
| 650 | 0 | |a Jets |x Dinámica de fluídos. | |
| 650 | 4 | |a Turbulencia |x Dinámica de fluídos. | |
| 650 | 4 | |a Turbulence |x Fluid dynamics. | |
| 650 | 0 | |a Jets |x Fluid dynamics. | |
| 010 | |a 82005258 | ||
| 040 | |a DLC |c DLC |d AR-BbSID | ||
| 859 | |a AR-BbSID |b BIB. PLAPIQUI |h 532.0527 |i T 842 |p 3161 | ||
